Modern analytics methodologies : (Record no. 22760)
[ view plain ]
| 000 -LEADER | |
|---|---|
| fixed length control field | 01852cam a22003375a 4500 |
| 001 - CONTROL NUMBER | |
| control field | 18136000 |
| 005 - DATE AND TIME OF LATEST TRANSACTION | |
| control field | 20201128023923.0 |
| 008 - FIXED-LENGTH DATA ELEMENTS--GENERAL INFORMATION | |
| fixed length control field | 140501t2015 njua fr 001 0 eng d |
| 010 ## - LIBRARY OF CONGRESS CONTROL NUMBER | |
| LC control number | 2014939827 |
| 015 ## - NATIONAL BIBLIOGRAPHY NUMBER | |
| National bibliography number | GBB4A5197 |
| Source | bnb |
| 016 7# - NATIONAL BIBLIOGRAPHIC AGENCY CONTROL NUMBER | |
| Record control number | 016865010 |
| Source | Uk |
| 020 ## - INTERNATIONAL STANDARD BOOK NUMBER | |
| International Standard Book Number | 9780133498608 |
| 020 ## - INTERNATIONAL STANDARD BOOK NUMBER | |
| International Standard Book Number | 0133498581 (hardback) |
| 035 ## - SYSTEM CONTROL NUMBER | |
| System control number | (OCoLC)ocn892859735 |
| 040 ## - CATALOGING SOURCE | |
| Original cataloging agency | UKMGB |
| Language of cataloging | eng |
| Transcribing agency | UKMGB |
| Modifying agency | BDX |
| -- | OCLCO |
| -- | UAB |
| -- | CDX |
| -- | YDXCP |
| -- | EG-ScBUE |
| 042 ## - AUTHENTICATION CODE | |
| Authentication code | lccopycat |
| 082 04 - DEWEY DECIMAL CLASSIFICATION NUMBER | |
| Classification number | 658.4012 |
| Item number | CHA |
| Edition number | 22 |
| 100 1# - MAIN ENTRY--PERSONAL NAME | |
| Personal name | Chambers, Michele |
| 9 (RLIN) | 41592 |
| 245 10 - TITLE STATEMENT | |
| Title | Modern analytics methodologies : |
| Remainder of title | driving business value with analytics / |
| Statement of responsibility, etc | Michele Chambers, Thomas W. Dinsmore. |
| 260 ## - PUBLICATION, DISTRIBUTION, ETC. (IMPRINT) | |
| Place of publication, distribution, etc | Upper Saddle River, New Jersey : |
| Name of publisher, distributor, etc | Pearson Education, Inc., |
| Date of publication, distribution, etc | 2015. |
| 300 ## - PHYSICAL DESCRIPTION | |
| Extent | xiii, 257 p. : |
| Other physical details | ill. ; |
| Dimensions | 24 cm. |
| 500 ## - GENERAL NOTE | |
| General note | Index : p. 247-257. |
| 505 ## - FORMATTED CONTENTS NOTE | |
| Formatted contents note | Section I: Why You Need a Unique Analytics Roadmap: Chapter 1: Principles of Modern Analytics -- Chapter 2: Business 3 0 Is Here Now -- Chapter 3: Why You Need a Unique Analytics Roadmap -- Section II: The Analytics Roadmap: Chapter 4: Analytics Can Supercharge Your Business Strategy -- Chapter 5: Building Your Analytics Roadmap -- Chapter 6: Analytic Applications -- Chapter 7: Analytic Use Cases -- Chapter 8: Predictive Analytics Methodology -- Chapter 9: End-User Analytics -- Chapter 10: Analytic Platforms -- Section III: Implement Your Analytics Roadmap -- Chapter 11: Attracting and Retaining Analytics Talent -- Chapter 12: Organizing Analytics Teams -- Chapter 13: What Are You Waiting For? Go Get Started! |
| 590 ## - LOCAL NOTE (RLIN) | |
| Local note | Wessam<br/>Sameh : Added Item |
| 650 #7 - SUBJECT ADDED ENTRY--TOPICAL TERM | |
| Topical term or geographic name as entry element | Business mathematics. |
| Source of heading or term | BUEsh |
| 9 (RLIN) | 801 |
| 650 #7 - SUBJECT ADDED ENTRY--TOPICAL TERM | |
| Topical term or geographic name as entry element | Management information systems. |
| Source of heading or term | BUEsh |
| 9 (RLIN) | 1296 |
| 651 ## - SUBJECT ADDED ENTRY--GEOGRAPHIC NAME | |
| Source of heading or term | BUEsh |
| 653 ## - INDEX TERM--UNCONTROLLED | |
| Resource For college | BAEPS, Business Administration |
| Arrived date list | October2016 |
| -- | November2016 |
| 700 1# - ADDED ENTRY--PERSONAL NAME | |
| Personal name | Dinsmore, Thomas W. |
| 9 (RLIN) | 41590 |
| 942 ## - ADDED ENTRY ELEMENTS (KOHA) | |
| Source of classification or shelving scheme | Dewey Decimal Classification |
| Withdrawn status | Item status | Source of classification or shelving scheme | Damaged status | Not for loan | Vendor | Home library | Current library | Shelving location | Date acquired | Source of acquisition | Cost, normal purchase price | Serial Enumeration / chronology | Total Checkouts | Full call number | Barcode | Date last seen | Cost, replacement price | Koha item type |
|---|---|---|---|---|---|---|---|---|---|---|---|---|---|---|---|---|---|---|
| Dewey Decimal Classification | Baccah | Central Library | Central Library | First floor | 20/10/2016 | Purchase | 570.00 | 25846 | 658.4012 CHA | 000033950 | 15/07/2025 | 712.50 | Book - Borrowing | |||||
| Dewey Decimal Classification | Baccah | Central Library | Central Library | First floor | 02/11/2016 | Purchase | 720.00 | 3656 | 658.4012 CHA | 000034250 | 15/07/2025 | 900.00 | Book - Borrowing |